| 000 | 00467nam a2200133 a 4500 | ||
|---|---|---|---|
| 008 | 120416s1995 ||||||||||||||||| || u | ||
| 020 | _a0201422786 | ||
| 050 | _aHA 29 Ele | ||
| 245 | 1 | 0 | _aElements of statistics |
| 246 | _aF. Daly | ||
| 260 |
_aLondon _bFT Prentice-Hall _c1995 |
||
| 350 | _a0.00 | ||
| 995 |
_D0.00 _FCBU-MAIN LIBRARY (Kitwe) _H1 _I24.95 _M1 _UAVAILABLE _WMay 18, 2006 _ZMain Library Open Access Collection |
||
| 999 |
_c41685 _d41685 |
||